|
|
|
|
| LEADER |
00000nam0a2200000 4500 |
| 001 |
162510 |
| 005 |
20231101222328.0 |
| 035 |
|
|
|a (RuTPU)RU\TPU\book\176255
|
| 090 |
|
|
|a 162510
|
| 100 |
|
|
|a 20090623d1973 m y0rusy50 ca
|
| 101 |
0 |
|
|a rus
|
| 102 |
|
|
|a RU
|
| 105 |
|
|
|a a z 001zy
|
| 200 |
1 |
|
|a Советы мастеров. Живопись и графика
|f под ред. А. С. Зайцева
|
| 210 |
|
|
|a Ленинград
|c Художник РСФСР
|d 1973
|
| 215 |
|
|
|a 374 с.
|c ил.
|
| 225 |
1 |
|
|a В помощь начинающим художникам
|
| 320 |
|
|
|a Использованная литература: с. 370.
|
| 600 |
|
1 |
|a Савицкий
|b М. А.
|g Михаил Андреевич
|c российский живописец
|f 1922-
|2 stltpush
|3 (RuTPU)RU\TPU\pers\12336
|
| 600 |
|
1 |
|a Юон
|b К. Ф.
|g Константин Федорович
|c российский живописец
|f 1875-1958
|2 stltpush
|3 (RuTPU)RU\TPU\pers\12364
|
| 600 |
|
1 |
|a Кардовский
|b Д. Н.
|c русский советский художник
|f 1886-1943
|g Дмитрий Николаевич
|2 stltpush
|3 (RuTPU)RU\TPU\pers\19994
|9 7909
|
| 600 |
|
1 |
|a Иогансон
|b Б. В.
|c российский живописец
|f 1893-1973
|g Борис Владимирович
|2 stltpush
|3 (RuTPU)RU\TPU\pers\13314
|9 3969
|
| 600 |
|
1 |
|a Павлинов
|b П. Я.
|c советский график
|c преподаватель во Вхутемасе-Вхутеине и Московском художественном институте в 1921-1950 гг.
|f 1881-1966
|g Павел Яковлевич
|2 stltpush
|3 (RuTPU)RU\TPU\pers\22623
|9 9665
|
| 600 |
|
1 |
|a Рерберг
|b И. Ф.
|c книжный график
|f 1892-1957
|g Иван Федорович
|2 stltpush
|3 (RuTPU)RU\TPU\pers\20046
|
| 600 |
|
1 |
|a Дейнека
|b А. А.
|g Александр Александрович
|c российский живописец
|c график
|f 1899-1969
|2 stltpush
|3 (RuTPU)RU\TPU\pers\12285
|
| 600 |
|
1 |
|a Ватагин
|b В. А.
|g Василий Алексеевич
|c российский график
|c скульптор
|f 1883-1969
|2 stltpush
|3 (RuTPU)RU\TPU\pers\12274
|
| 600 |
|
1 |
|a Кибрик
|b Е. А.
|g Евгений Адольфович
|c российский график
|c живописец
|f 1906-1978
|2 stltpush
|3 (RuTPU)RU\TPU\pers\12294
|
| 600 |
|
1 |
|a Лаптев
|b А. М.
|c российский график, книжный иллюстратор
|f 1905-1965
|g Алексей Михайлович
|2 stltpush
|3 (RuTPU)RU\TPU\pers\20015
|9 7930
|
| 610 |
1 |
|
|a художники
|
| 610 |
1 |
|
|a живопись
|
| 610 |
1 |
|
|a графика
|
| 610 |
1 |
|
|a творческий процесс
|
| 610 |
1 |
|
|a рисунок
|
| 610 |
1 |
|
|a гравюры
|
| 610 |
1 |
|
|a натюрморт
|
| 610 |
1 |
|
|a пейзаж
|
| 610 |
1 |
|
|a интерьер
|
| 610 |
1 |
|
|a рисование
|
| 610 |
1 |
|
|a материалы рисунка
|
| 610 |
1 |
|
|a техника живописи
|
| 610 |
1 |
|
|a материалы живописи
|
| 675 |
|
|
|a 75.02
|v 3
|
| 675 |
|
|
|a 76
|v 3
|
| 702 |
|
1 |
|a Зайцев
|b А. С.
|g Алексей Сергеевич
|4 340
|
| 801 |
|
1 |
|a RU
|b 63413507
|c 20090623
|g PSBO
|
| 801 |
|
2 |
|a RU
|b 63413507
|c 20140526
|g PSBO
|
| 942 |
|
|
|c BK
|